Mujahedin-E-Islam (Record no. 4890)

MARC details
000 -LEADER
fixed length control field 00618nam a2200241 a 4500
020 ## - INTERNATIONAL STANDARD BOOK NUMBER
ISBN
082 00 - DEWEY DECIMAL CLASSIFICATION NUMBER
Classification number 297.09
Author Cutter ABB1
100 ## - MAIN ENTRY--AUTHOR NAME
Author name Abbasi, A
245 ## - TITLE STATEMENT
Title Mujahedin-E-Islam
Sub title Fatehane Islam Aur Namwrane Islam Ke Karnamon Ka Muraqqa
260 ## - PUBLICATION, DISTRIBUTION, ETC. (IMPRINT)
Place of publication New Delhi
Name of publisher Idarah Matbu`at Islamia
Year of publication 1978
300 ## - PHYSICAL DESCRIPTION
Number of Pages 128p
500 ## - GENERAL NOTE
General note includes index and biblioraphy
505 2# - FORMATTED CONTENTS NOTE
Formatted contents note Index
650 ## - SUBJECT ADDED ENTRY--TOPICAL TERM
Topical Term Islam-History
942 ## - ADDED ENTRY ELEMENTS (KOHA)
Koha item type Books
700 1# -
-- Abbasi, A
Holdings
Collection code Home library Current library Date acquired Cost, normal purchase price Full call number Accession Number Koha item type
  Henry Martyn Institute Library Henry Martyn Institute Library 07/23/2007 3.50 297.09 ABB1 08971 Books
                   Copyright © 2026 | Henry Martyn Institute | Hyderabad | TS-500052 | INDIA | Implemented by hmi.edu.in
Hit-Count:

Powered by Koha